000
00308nam a22001337a 4500
008
170814b xxu||||| |||| 00| 0 eng d
020
_a
0867200936
041
_a
eng
080
_2
4 ED
_a
51
100
_a
36
101
_a
MAT
245
_a
CALCULUS WITH ANALYTIC GEOMETRY
_c
PROTER.P.
942
_2
udc
_c
BK
999
_c
23428
_d
23428